Statistics for 100 Different Mario Characters

Click here to take the quiz!

General Stats

  • This quiz has been taken 1,774 times
    (1,738 since last reset)
  • The average score is 44 of 100

Answer Stats

Hint Character % Correct
1Super hero with a red hatMario
100%
3A princess who loves clue number 1Peach
99%
2Super hero with a green hatLuigi
99%
4A mushroom personToad
98%
5A green dinosaurYoshi
98%
6Evil villain with spikes on his back. (The King Koopa)Bowser
98%
8A large apeDonkey Kong
96%
9A princess who loves clue number 2Daisy
95%
12Clue number 8's sonDiddy Kong
91%
7The evil version of clue number 1Wario
90%
11Clue number 6's sonBowser Jr.
90%
10The evil version of clue number 2Waluigi
89%
13Girl version of clue number 4Toadette
88%
16The king of the ghostsKing Boo
88%
39Basic enemy with a green or red shellKoopa
86%
57A ghostBoo
85%
15Clue number 5's girlfriendBirdo
82%
29Baby version of clue number 1Baby Mario
81%
31Baby version of clue number 3Baby Peach
80%
30Baby version of clue number 2Baby Luigi
80%
58A dried up koopaDry Bones
77%
37Basic Brown EnemyGoomba
77%
32Baby version of clue number 9Baby Daisy
77%
19Fairy girl in super Mario GalaxyRosalina
75%
18Dry version of clue number 6Dry Bowser
72%
52A small bulletBullet Bill
72%
54A cute little guy with a white maskShy Guy
70%
34Baby version of clue number 7Baby Wario
69%
35Baby version of clue number 6Baby Bowser
67%
42Koopa on a cloud that throws clue number 43 at you.Lakitu
65%
28Baby version of clue number 10Baby Waluigi
64%
41Plant that tries to eat youPiranha Plant
64%
44A koopa who throws hammersHammer Bro
64%
33Baby version of clue number 8Baby Donkey Kong
63%
76Paper version of MarioPaper Mario
61%
49A fishCheep Cheep
60%
75Doctor version of MarioDoctor Mario
58%
59A square that smashes youThwomp
57%
50A fish who squirts out inkBlooper
56%
74Shadow version of MarioShadow Mario
56%
51A walking bombBob-omb
56%
46A koopa who throws boomerangsBoomerang Bro
52%
45A koopa who throws fireFire Bro
52%
40Basic enemy with a green or red shell that fliesParatroopa
51%
47A koopa who throws iceIce Bro
50%
78A creature with sharp teeth straped onto a chainChain Chomp
50%
14Old version of clue number 4Toadsworth
48%
38Basic Brown Enemy that fliesParagoomba
46%
69Clue number 8's cousinFunky Kong
43%
61A moleMonty Mole
43%
17The walking version of clue number 41Petey Piranha
36%
63A yellow creature with a flower on his headWiggler
36%
43Spiky shelledSpiny
36%
67Clue number 8's cousinDixie Kong
35%
60Walking version of clue number 59Whomp
34%
70The king of the alligatorsKing K. Rool
34%
55Flying version of clue number 54Fly Guy
34%
66A creature that throws spiky ballsSpike
31%
24Clue number 6's CousinIggy Koopa
29%
96Mecha version of Clue number 6Mecha Bowser
29%
56Clue 54 with a spearSpear Guy
29%
26Clue number 6's CousinMorton Koopa
28%
22Clue number 6's CousinLemmy Koopa
28%
23Clue number 6's CousinRoy Koopa
27%
27Clue number 6's CousinLarry Koopa
27%
21Clue number 6's CousinLudwig Von Koopa
26%
20WarlockMagikoopa
25%
25Clue number 6's CousinWendy O. Koopa
23%
77A tall spiky orange creaturePokey
20%
68Clue number 8's cousinTiny Kong
17%
72A blue, fruit loving creature with a tree on his headPianta
14%
91A penguinPenguin
12%
71An alligatorKritter
12%
65A koopa that smashes thingsBoom Boom
11%
62A mole who throws wrenches a youRocky Wrench
11%
48Evil koopa with a black shellBuzzy Beetle
11%
73A cute girl with a shell dressNoki
10%
64A lava bubblePodoboo
9%
53A big bulletKing Bill
9%
82Spiky black creatures that push you off polesFuzzy
9%
36Clue number 6's CousinsKoopa Kids
8%
99A giant blooperGooper Blooper
7%
100A professorProfessor Elvin Gadd
7%
84If you make contact with it, it will shock youAmp
7%
90A monkeyUkiki
6%
81A spiky under water creature that puffs upUrchin
6%
85An evil green creature that is very creepyFawful
5%
86The even eviler version of clue number 42Lakithunder
4%
79A penguin with sunglasses that slides on his stomachCooligan
4%
89A sharkSushi
4%
94The flying version of clue number 63Flutter
4%
98An eelEely Mouth
4%
80A fish with a spiky backPorcu Puffer
4%
97Creature that goes over the horizonPhantamanta
3%
83A cloud that blows air to push youFoo
3%
93A creature with a moon as a faceTwila
3%
92A creature with a sun as a faceBrighton
2%
95The pink version of clue 72II Piantissimo
2%
88A giant cheepCheepskipper
2%
87Mummy version of clue number 77Mummipokey
2%

Score Distribution

Percentile by Number Answered

Percent of People with Each Score

Your Score History

You have not taken this quiz since the last reset